Nie ma nauki bez autorytetów.

Poľská akadémia vied, jej orgány a úlohy. Vízia budúcnosti sveta. Čo treba pripraviť, aby sa dalo predvídať? Model vedeckého života. Treba dodržiavať 4 hlavné zásady pri zachovaní tradície myslenia a vedeckej činnosti. Treba prijať zásadu, že bez autorít nieto vedy. Profil poľského vedca prof. dr. J...

Descrizione completa

Salvato in:
Dettagli Bibliografici
Autore principale: Zbichorski, Z.
Natura: Capitolo di libro
Lingua:polacco
Soggetti:
Tags: Aggiungi Tag
Nessun Tag, puoi essere il primo ad aggiungerne!!

MARC

LEADER 00000naa a2200000 4500
001 r006308
005 20221125122525.3
041 0 |a pol 
044 |a PL 
245 1 0 |a Nie ma nauki bez autorytetów.  |c Z. Zbichorski 
520 |a Poľská akadémia vied, jej orgány a úlohy. Vízia budúcnosti sveta. Čo treba pripraviť, aby sa dalo predvídať? Model vedeckého života. Treba dodržiavať 4 hlavné zásady pri zachovaní tradície myslenia a vedeckej činnosti. Treba prijať zásadu, že bez autorít nieto vedy. Profil poľského vedca prof. dr. J. Tymowského a návrh na jeho menovanie za najlepšieho vedca. 
610 2 0 |a akadémie vied 
610 2 0 |a PR 
610 2 0 |a štruktúra organizačná 
610 2 0 |a veda 
610 2 0 |a predvídanie 
610 2 0 |a pracovníci vedeckí 
100 1 |a Zbichorski, Z.